000 00624nam a2200229Ia 4500
003 OSt
005 20220924115240.0
006 a|||||r|||| 00| 0
007 ta
008 220923b |||||||| |||| 00| 0 urd d
024 _a263606
037 _cTextual
040 _aARTS
_cARTS
_burd
041 _2urd
_aurd
082 _aP168:75, J9
100 _aDehlavi Ikhlaque Au.
_9177407
245 0 _aShamim-e-balaghat
260 _aDelhi
_bAnjuman taraqqi urdu India
_c1959
650 _aURDU LANGUAGE
_9154969
942 _hP168:75, J9
_cTEXL
_2CC
999 _c397450
_d397450